000
00305nam a22001097a 4500
008
230704b xxu||||| |||| 00| 0 eng d
082
_a
342.06
_b
JAM 1973
245
_a
Law and its Admimistration in a One Party State
260
_b
East African Literature Bureau
_c
1973
300
_a
VII,150p
942
_2
ddc
_c
BK
999
_c
3655
_d
3655